| 000 | 00488nam a22001817a 4500 | ||
|---|---|---|---|
| 003 | NUST - PNEC | ||
| 005 | 20170116181015.0 | ||
| 008 | 150824b xxu||||| |||| 00| 0 eng d | ||
| 020 | _a0072522615 | ||
| 020 | _a0071226079 | ||
| 040 | _cLIBRARY | ||
| 082 | _a621.3822 MIT | ||
| 100 |
_95562 _aMitra, Sanjit Kumar |
||
| 245 |
_aDigital signal processing : a computer based approach _cSanjit Kumar Mitra |
||
| 250 | _a2nd ed. | ||
| 650 |
_95563 _aMATLAB _xMIS, EE, EL |
||
| 942 |
_2ddc _cBK |
||
| 999 |
_c67250 _d67250 |
||